Statistics for Michigan True or False?

Click here to take the quiz!

General Stats

  • This quiz has been taken 6,844 times
  • The average score is 12 of 15

Answer Stats

QuestionAnswer% Correct
General Motors and Ford are both headquartered in MichiganTrue
93%
Detroit is the capital of MichiganFalse
90%
There is a city in Michigan named KalamazooTrue
88%
Michigan is connected to Canada via bridgesTrue
84%
Detroit was founded by the FrenchTrue
83%
Michigan borders IndianaTrue
82%
The Upper Peninsula has about 40% of Michigan's populationFalse
81%
Gerald R. Ford was the grandson of Henry FordFalse
81%
Michigan is east of the Mississippi RiverTrue
80%
The state of Michigan completely surrounds two of the Great LakesFalse
78%
The cities of Dearborn and Hamtramck are known for their large Muslim populationsTrue
77%
Michigan is named after Lord Michigan, a British earlFalse
73%
Michigan is home to the original McDonald's locationFalse
72%
The Upper and Lower Peninsulas are connected by a bridgeTrue
71%
Michigan fought a war against Ohio with over 10,000 deaths on each sideFalse
65%

Score Distribution

Percentile by Number Answered

Percent of People with Each Score

Your Score History

You have not taken this quiz